000
00305nam a22001337a 4500
008
171017b xxu||||| |||| 00| 0 eng d
020
_a
0314931864
041
_a
eng
080
_2
4 ED
_a
331.101.262
100
_a
52
101
_a
BNJ
245
_a
ORGANIZATION BEHAVIOR
_c
WOODMAN.H.S
942
_2
udc
_c
BK
999
_c
34387
_d
34387